Drapeaux des sujets russes - Statistiques

Statistiques générales
  • Ce quiz a été pris 26 fois
  • Le résultat moyen est 23 sur 85
Statistiques - réponses
Par images Réponse % Correct
Oblast autonome juif
62%
Oblast de Sakhaline
62%
République de Tchétchénie
62%
République de Touva
62%
République d'Adyguée
54%
République de Crimée
54%
République d'Ingouchie
54%
République d'Ossétie du Nord-Alanie
54%
Ville de Moscou
54%
Oblast de Kaliningrad
46%
République de Carélie
46%
République de Tchouvachie
46%
République du Daghestan
46%
Kraï du Kamtchatka
38%
Kraï du Primorié
38%
Oblast de Moscou
38%
Oblast des Maris
38%
Oblast de Volgograd
38%
République de Bachkirie
38%
République de Kalmoukie
38%
République de l'Altaï
38%
République de Mordovie
38%
République d'Oudmourtie
38%
République du Tatarstan
38%
District autonome de Nénétsie
31%
District autonome de Tchoukotka
31%
Kraï de Krasnodar
31%
Oblast de l'Amour
31%
Oblast de Léningrad
31%
Oblast de Lipetsk
31%
Oblast de Tcheliabinsk
31%
Oblast d'Irkoutsk
31%
Oblast d'Omsk
31%
République de Kabardino-Balkarie
31%
République de Khakassie
31%
République de Sakha
31%
République des Komis
31%
District autonome de Khantys-Mansis
23%
Kraï de Stavropol
23%
Kraï de Transbaïkalie
23%
Oblast d'Arkhangelsk
23%
Oblast d'Astrakhan
23%
Oblast de Belgorod
23%
Oblast de Iaroslavl
23%
Oblast de Mourmansk
23%
Oblast de Nijni Novgorod
23%
Oblast de Riazan
23%
Oblast d'Orenbourg
23%
République de Bouriatie
23%
République de Karatchaïévo-Tcherkessie
23%
Ville de Saint-Pétersbourg
23%
Kraï de Khabarovsk
15%
Kraï de l'Altaï
15%
Kraï de Perm
15%
Oblast de Briansk
15%
Oblast de Kalouga
15%
Oblast de Kostroma
15%
Oblast de Kourgan
15%
Oblast de Koursk
15%
Oblast de Novgorod
15%
Oblast de Pskov
15%
Oblast de Rostov
15%
Oblast de Smolensk
15%
Oblast de Sverdlovsk
15%
Oblast de Tioumen
15%
Oblast de Toula
15%
Oblast de Tver
15%
Oblast de Vladimir
15%
Oblast de Voronej
15%
Oblast d'Ivanovo
15%
Oblast d'Orel
15%
Oblast d'Oulianovsk
15%
Olast de Samara
15%
Ville de Sébastopol
15%
District autonome de Iamalo-Nénétsie
8%
Kraï de Krasnoïarsk
8%
Oblast de Kemerovo
8%
Oblast de Kirov
8%
Oblast de Magadan
8%
Oblast de Novossibirsk
8%
Oblast de Penza
8%
Oblast de Saratov
8%
Oblast de Tambov
8%
Oblast de Tomsk
8%
Oblast de Vologda
8%
Aucun quiz correspondant
Distribution des résultats
% des personnes avec chaque résultat
Percentile par nombre de réponses
Votre historique - résultats
Vous n’avez pas pris ce quiz